[Event "12. Lichtenberger Sommer"]
[Site "Berlin"]
[Date "2013.08.19"]
[Round "3.82"]
[White "Lübke, Thomas"]
[Black "Amelang, Thomas"]
[Result "1/2-1/2"]
[WhiteElo "1964"]
[BlackElo "2136"]
[PlyCount "73"]
[EventDate "2013.??.??"]
[WhiteTeam "FVS ASP Hoyerswerda"]
[BlackTeam "SK Siemens München"]

1. e4 g6 2. d4 Bg7 3. Nf3 d6 4. Nc3 Nf6 5. Be2 c6 6. h3 O-O 7. Be3 b5 8. a3 a6
9. O-O Qc7 10. Qd2 Nbd7 11. Bh6 c5 12. Bxg7 Kxg7 13. Qe3 cxd4 14. Nxd4 e6 15.
Rad1 Bb7 16. f4 Qb6 17. Rf3 Rac8 18. Rg3 Kh8 19. Kh2 e5 20. fxe5 dxe5 21. Nb3
Qxe3 22. Rxe3 Nc5 23. Nxc5 Rxc5 24. Bd3 Kg7 25. Rf1 Ne8 26. Re2 Nd6 27. g4 f6
28. Ref2 h6 29. Nd1 Bxe4 30. Ne3 Bb7 31. c3 e4 32. Bb1 Nc4 33. Nxc4 Rxc4 34.
Re1 Rc5 35. Bxe4 Re5 36. Rfe2 Rfe8 37. Bd3 1/2-1/2

[Event "12. Lichtenberger Sommer"]
[Site "Berlin"]
[Date "2013.08.19"]
[Round "3.83"]
[White "Guenther, Thomas"]
[Black "Birkholz, Axel"]
[Result "1-0"]
[WhiteElo "2088"]
[BlackElo "1857"]
[PlyCount "75"]
[EventDate "2013.??.??"]
[WhiteTeam "SV Senat"]
[BlackTeam "SV Trossingen"]

1. d4 d5 2. Nf3 Nf6 3. c4 c6 4. e3 Bf5 5. Nc3 e6 6. Nh4 Bg6 7. Nxg6 hxg6 8. Qb3
Qc7 9. g3 Nbd7 10. Bg2 Bd6 11. e4 dxe4 12. Nxe4 Nxe4 13. Bxe4 Nf6 14. Bf3 Rd8
15. O-O O-O 16. Be3 e5 17. dxe5 Bxe5 18. Bxa7 Bd4 19. Bxd4 Rxd4 20. Rad1 Rfd8
21. Rxd4 Rxd4 22. Rd1 Rxd1+ 23. Qxd1 Kf8 24. Qb3 Nd7 25. Qb4+ Ke8 26. c5 Ne5
27. Be2 Qe7 28. Kf1 Nd7 29. Qxb7 Qxc5 30. b4 Qd5 31. Kg1 Ne5 32. a4 Nf3+ 33.
Bxf3 Qxf3 34. Qa8+ Kd7 35. Qa7+ Ke6 36. Qd4 f5 37. a5 g5 38. Qe3+ 1-0

[Event "12. Lichtenberger Sommer"]
[Site "Berlin"]
[Date "2013.08.19"]
[Round "3.84"]
[White "Lohse, Steffen"]
[Black "Möller, Dustin"]
[Result "1/2-1/2"]
[WhiteElo "1897"]
[BlackElo "1793"]
[PlyCount "101"]
[EventDate "2013.??.??"]
[WhiteTeam "SV Osram"]
[BlackTeam "Eckernförder SC von 1921"]

1. d4 c5 2. e3 Nf6 3. c3 g6 4. Nf3 Bg7 5. Bd3 O-O 6. Nbd2 d6 7. Ne4 Nxe4 8.
Bxe4 Nd7 9. O-O Nf6 10. Bd3 Qc7 11. Ng5 e5 12. dxe5 dxe5 13. Ne4 Nxe4 14. Bxe4
Be6 15. b3 Rfd8 16. Qf3 f5 17. Bc2 e4 18. Qe2 Bxc3 19. Rb1 Qe5 20. Rd1 Rxd1+
21. Qxd1 b5 22. Qe2 b4 23. Bd2 Rd8 24. Bxc3 Qxc3 25. Rd1 Rxd1+ 26. Qxd1 c4 27.
g3 cxb3 28. axb3 Kf7 29. Kf1 a5 30. Kg2 Ke7 31. h3 a4 32. bxa4 b3 33. Bb1 Qa1
34. Qc1 Qxa4 35. Qc5+ Kf7 36. Qc7+ Qd7 37. Qc1 Bd5 38. Qc3 Kg8 39. Qe5 Qd8 40.
h4 Bf7 41. Kh2 Qd5 42. Qc3 h6 43. Qc1 Qc4 44. Qd1 Bd5 45. Kg2 Kf7 46. Qd2 g5
47. hxg5 hxg5 48. Qa5 Kg6 49. Qd8 Bg8 50. Qd6+ Qe6 51. Qd1 1/2-1/2

[Event "12. Lichtenberger Sommer"]
[Site "Berlin"]
[Date "2013.08.19"]
[Round "3.85"]
[White "Schmitt, Jens-Ole"]
[Black "Deutschbein, Christopher"]
[Result "1/2-1/2"]
[WhiteElo "1676"]
[BlackElo "2003"]
[PlyCount "49"]
[EventDate "2013.??.??"]
[WhiteTeam "SG Narva Berlin e.V."]
[BlackTeam "Bille SC von 1924 e.V."]

1. e4 e5 2. Nf3 Nc6 3. Bb5 a6 4. Bxc6 dxc6 5. Nc3 Bd6 6. d4 f6 7. dxe5 fxe5 8.
Bg5 Nf6 9. Qd3 Be6 10. O-O-O b5 11. Ne2 Bc4 12. Qe3 Qe7 13. Ng3 g6 14. Qc3 c5
15. h4 Bf7 16. h5 O-O-O 17. Rh2 Qe6 18. Bxf6 Qxf6 19. Rdh1 Rhe8 20. Qe3 Qe6 21.
Qa3 Be7 22. Nxe5 Qxe5 23. Qxa6+ Kb8 24. Qxb5+ Ka7 25. Qa5+ 1/2-1/2

[Event "12. Lichtenberger Sommer"]
[Site "Berlin"]
[Date "2013.08.19"]
[Round "3.86"]
[White "Zesewitz, Maik"]
[Black "Bauder, Herbert"]
[Result "1/2-1/2"]
[WhiteElo "1579"]
[BlackElo "1932"]
[PlyCount "58"]
[EventDate "2013.??.??"]
[WhiteTeam "SF Friedrichshagen"]
[BlackTeam "SG Lasker Steglitz-Wilmersdorf"]

1. d4 Nf6 2. c4 g6 3. Nf3 Bg7 4. Nc3 d6 5. Bf4 O-O 6. e3 Nbd7 7. Bd3 Re8 8. Qc2
e5 9. dxe5 dxe5 10. Bg5 c6 11. Rd1 Qc7 12. b4 a5 13. a3 axb4 14. axb4 Qb6 15.
Rb1 Ra3 16. c5 Qa7 17. e4 b6 18. cxb6 Nxb6 19. Be3 Ng4 20. Bc5 Bf8 21. h3 Nf6
22. Be3 Nfd7 23. O-O Qa8 24. Rfc1 Bb7 25. Nd2 Rc8 26. Nc4 Nxc4 27. Bxc4 Ba6 28.
Qd3 Bxc4 29. Qxc4 Qa6 1/2-1/2

[Event "12. Lichtenberger Sommer"]
[Site "Berlin"]
[Date "2013.08.19"]
[Round "3.87"]
[White "Salz, Matthias"]
[Black "Dietzel, Uwe"]
[Result "1-0"]
[WhiteElo "1698"]
[BlackElo "1708"]
[PlyCount "113"]
[EventDate "2013.??.??"]
[WhiteTeam "SV Empor Berlin e.V."]
[BlackTeam "TSV Lichtentanne SAbt"]

1. c4 f5 2. g3 Nf6 3. Bg2 e6 4. Nf3 c6 5. O-O Be7 6. d3 O-O 7. Nbd2 d6 8. b3 a5
9. Bb2 Na6 10. Qc2 Qc7 11. e4 e5 12. a3 c5 13. exf5 Bxf5 14. Ne4 Nxe4 15. dxe4
Bd7 16. Qd3 Nb8 17. Rad1 Bg4 18. Rd2 Nc6 19. Ne1 Nd4 20. f3 Bd7 21. Nc2 Bg5 22.
f4 Bh6 23. Ne3 Qd8 24. Nd5 b6 25. Rdf2 Be6 26. Kh1 Ra7 27. a4 Raf7 28. f5 Bxd5
29. cxd5 g6 30. Bh3 Qg5 31. Bxd4 cxd4 32. Rf3 Qd2 33. fxg6 Rxf3 34. gxh7+ Kxh7
35. Rxf3 Qxd3 36. Rxd3 Rf2 37. Bg2 Be3 38. h4 Rd2 39. Rxd2 Bxd2 40. Kh2 Be1 41.
Bf1 Kg6 42. Kh3 Bd2 43. g4 Be3 44. g5 Kh5 45. Be2+ Kg6 46. Kg4 Bf4 47. Bb5 Bc1
48. h5+ Kg7 49. h6+ Kg6 50. Be8+ Kh7 51. Kh5 d3 52. g6+ Kg8 53. Bd7 d2 54. Bg4
Ba3 55. g7 Kh7 56. Bf5+ Kg8 57. Be6+ 1-0

[Event "12. Lichtenberger Sommer"]
[Site "Berlin"]
[Date "2013.08.19"]
[Round "3.88"]
[White "Kasper, Peter"]
[Black "Knauer, Frank"]
[Result "1/2-1/2"]
[WhiteElo "1787"]
[BlackElo "1846"]
[PlyCount "108"]
[EventDate "2013.??.??"]
[WhiteTeam "SG Eckturm"]
[BlackTeam "FC ST.Pauli 1910 eV SAbt"]

1. e4 d6 2. d4 Nf6 3. Nc3 g6 4. h3 Bg7 5. Be2 c6 6. f4 b5 7. a3 a6 8. Bf3 Bb7
9. Be3 O-O 10. Qd2 Nbd7 11. f5 e5 12. fxe6 fxe6 13. Bh6 Nh5 14. Bg5 Bf6 15. h4
e5 16. d5 c5 17. Bxh5 gxh5 18. O-O-O b4 19. axb4 cxb4 20. Nce2 Nc5 21. Ng3 Rc8
22. Qe3 b3 23. c3 Qa5 24. Nxh5 Qa1+ 25. Kd2 Qxb2+ 26. Ke1 Qxg2 27. Ng3 Bxg5 28.
Qxg5+ Kh8 29. Rd2 Rf1+ 30. Nxf1 Qxe4+ 31. Kd1 Rf8 32. Ne3 Nd3 33. Rg2 Rf1+ 34.
Kd2 Rf2+ 35. Rxf2 Nxf2 36. Qf6+ Kg8 37. Qxf2 b2 38. Rh3 b1=Q 39. Rg3+ Qg6 40.
Rxg6+ hxg6 41. Qg2 Kh7 42. Ne2 Qa2+ 43. Ke1 Qb1+ 44. Kf2 Qd3 45. Qf3 Kg7 46.
Qg4 Bxd5 47. Nxd5 Qxd5 48. Qd7+ Qf7+ 49. Qxf7+ Kxf7 50. c4 a5 51. Nc3 Ke6 52.
Kf3 Kf5 53. Ne4 Ke6 54. Nc3 Kf5 1/2-1/2

[Event "12. Lichtenberger Sommer"]
[Site "Berlin"]
[Date "2013.08.19"]
[Round "3.89"]
[White "Schmalzried, Volker"]
[Black "Linden, Raimund"]
[Result "1-0"]
[WhiteElo "1882"]
[BlackElo "1740"]
[PlyCount "80"]
[EventDate "2013.??.??"]
[WhiteTeam "Umweltbundesamt"]
[BlackTeam "SK Zehlendorf e.V."]

1. c4 e5 2. Nc3 Nc6 3. g3 d6 4. Bg2 Bd7 5. Nf3 Nf6 6. O-O Be7 7. d4 exd4 8.
Nxd4 O-O 9. Nxc6 Bxc6 10. Bxc6 bxc6 11. e4 Nd7 12. b3 a6 13. Bb2 Bf6 14. Rb1
Re8 15. Re1 Nb6 16. Qg4 g6 17. Ne2 Bxb2 18. Rxb2 Qf6 19. Rd2 c5 20. Nf4 Qe5 21.
Rde2 c6 22. h4 h5 23. Qf3 Qe7 24. e5 d5 25. cxd5 Nxd5 26. Nxd5 cxd5 27. Qxd5
Rad8 28. Qc4 a5 29. e6 f6 30. Rc1 Rc8 31. Rd1 Qb7 32. Rd7 Qb4 33. Qd3 Qg4 34.
e7 Kg7 35. Rd6 c4 36. Qc3 Qf5 37. bxc4 Kf7 38. Qe3 Kg7 39. Qc3 Kf7 40. Qd4 Rc7
1-0

[Event "12. Lichtenberger Sommer"]
[Site "Berlin"]
[Date "2013.08.19"]
[Round "3.90"]
[White "Adelberger, Georg"]
[Black "Theilig, Reinhard"]
[Result "1-0"]
[WhiteElo "1924"]
[BlackElo "1713"]
[PlyCount "93"]
[EventDate "2013.??.??"]
[WhiteTeam "SC Kreuzberg e.V."]
[BlackTeam "VfB Hermsdorf e.V."]

1. d4 Nf6 2. Nf3 e6 3. e3 Be7 4. Bd3 d5 5. O-O b6 6. b3 Bb7 7. Bb2 O-O 8. Nbd2
Nbd7 9. Qe2 Ne4 10. a3 c5 11. Ne5 Nxd2 12. Qxd2 Nxe5 13. dxe5 Rc8 14. Qe2 Qc7
15. c4 Qc6 16. f4 dxc4 17. Bxc4 Rcd8 18. Rad1 Rxd1 19. Rxd1 Rd8 20. Rxd8+ Bxd8
21. Bd3 Qd5 22. b4 cxb4 23. axb4 a5 24. e4 Qd7 25. b5 Be7 26. f5 exf5 27. exf5
Bc5+ 28. Kf1 Bd5 29. Qc2 g6 30. e6 fxe6 31. Qc3 exf5 32. Qh8+ Kf7 33. Qxh7+ Ke8
34. Qxg6+ Bf7 35. Qg3 Bd6 36. Qe3+ Kf8 37. Qh6+ Ke8 38. Qh8+ Bf8 39. Qe5+ Qe7
40. Qxf5 Qe6 41. Qf3 Be7 42. Be4 Qc4+ 43. Kg1 Bc5+ 44. Kh1 a4 45. Bc6+ Kd8 46.
Qd1+ Ke7 47. Qd7+ 1-0

[Event "12. Lichtenberger Sommer"]
[Site "Berlin"]
[Date "2013.08.19"]
[Round "3.92"]
[White "Duric, Rajko"]
[Black "Balliere, Arne"]
[Result "1/2-1/2"]
[WhiteElo "1737"]
[BlackElo "1743"]
[PlyCount "90"]
[EventDate "2013.??.??"]
[WhiteTeam "SC Kreuzberg e.V."]
[BlackTeam "Kon. Oostendse SK"]

1. e4 d6 2. d4 Nf6 3. Bd3 g6 4. Nf3 Bg7 5. O-O O-O 6. Bg5 Nc6 7. c3 e5 8. d5
Nb8 9. Qc1 Bg4 10. Ne1 c6 11. h3 Bd7 12. c4 Na6 13. Nc3 Nc5 14. Bc2 a5 15. Nd3
Nxd3 16. Bxd3 Qc8 17. Qe3 Nh5 18. Na4 Qc7 19. g4 f6 20. Nb6 Rae8 21. Nxd7 Qxd7
22. gxh5 fxg5 23. hxg6 h6 24. Be2 Rf4 25. Bg4 Qe7 26. f3 Ref8 27. dxc6 bxc6 28.
Qb6 Qf6 29. Qxc6 Qxg6 30. c5 h5 31. Bf5 R4xf5 32. exf5 Qxf5 33. Qd5+ Kh8 34.
Kg2 dxc5 35. Qxc5 Rc8 36. Qe3 Rc4 37. Rad1 Rh4 38. Rh1 e4 39. fxe4 Rxe4 40. Qf3
Qg6 41. Qd3 Qc6 42. Qd8+ Re8+ 43. Qd5 Qc2+ 44. Rd2 Re2+ 45. Rxe2 Qxe2+ 1/2-1/2

[Event "12. Lichtenberger Sommer"]
[Site "Berlin"]
[Date "2013.08.19"]
[Round "3.93"]
[White "Acikel, Mert"]
[Black "Wolff, Marie Antoinette"]
[Result "1/2-1/2"]
[WhiteElo "1741"]
[BlackElo "1239"]
[PlyCount "152"]
[EventDate "2013.??.??"]
[WhiteTeam "VfB Hermsdorf e.V."]
[BlackTeam "Leegebrucher Schachfreunde"]

1. e4 c5 2. Nf3 Nc6 3. d4 cxd4 4. Nxd4 g6 5. Nc3 Bg7 6. Be3 d6 7. Be2 Nf6 8. f3
O-O 9. O-O a6 10. Qd2 Rb8 11. Rad1 Bd7 12. a3 b5 13. Nxc6 Bxc6 14. Kh1 Re8 15.
Rfe1 Nd7 16. Bh6 Bh8 17. f4 Nb6 18. Rb1 e6 19. Qd3 Na4 20. Bf3 Nxc3 21. bxc3
Rc8 22. Rbd1 d5 23. exd5 exd5 24. Rxe8+ Qxe8 25. Bxd5 Bxd5 26. Qxd5 Bxc3 27. f5
Bf6 28. fxg6 hxg6 29. Bg5 Bg7 30. Qd8 Bf8 31. Qxe8 Rxe8 32. Bc1 Re2 33. Bg5
Bxa3 34. Bf6 Kh7 35. h3 Rf2 36. Rd3 Bf8 37. Rd8 Rxf6 38. Rxf8 Kg7 39. Rc8 b4
40. Rc4 a5 41. Kh2 Rf5 42. Kg3 g5 43. h4 Kg6 44. hxg5 Rxg5+ 45. Kf3 Re5 46.
Rg4+ Kf6 47. Rc4 Rb5 48. Ke4 a4 49. Rd4 a3 50. Rd6+ Kg7 51. Ra6 b3 52. cxb3
Rxb3 53. Kd4 f6 54. Ra5 Kg6 55. Ke4 Rb4+ 56. Kd5 Rb3 57. Ke4 Rg3 58. Kf4 Rxg2
59. Rxa3 Rf2+ 60. Kg3 Rf1 61. Kg2 Rf5 62. Rg3+ Rg5 63. Rxg5+ Kxg5 64. Kg3 f5
65. Kf3 Kg6 66. Kf4 Kf6 67. Ke3 Ke5 68. Kf3 f4 69. Kf2 Ke4 70. Ke2 f3+ 71. Kf2
Kf4 72. Kf1 Kf5 73. Kf2 Ke4 74. Kf1 Ke3 75. Ke1 f2+ 76. Kf1 Kf3 1/2-1/2

[Event "12. Lichtenberger Sommer"]
[Site "Berlin"]
[Date "2013.08.19"]
[Round "3.95"]
[White "Mc Aleenan, Charles"]
[Black "Dathe, Frederick"]
[Result "1-0"]
[WhiteElo "1782"]
[BlackElo "1458"]
[PlyCount "119"]
[EventDate "2013.??.??"]
[WhiteTeam "Athenaeum Chess Club London"]
[BlackTeam "Schachunion Berlin e.V."]

1. d4 d5 2. Bf4 Nf6 3. e3 Bf5 4. c4 Bxb1 5. Qxb1 e6 6. a3 Be7 7. Nf3 O-O 8.
cxd5 Nxd5 9. Bg3 Nc6 10. Bd3 h6 11. O-O Rc8 12. Rd1 Bf6 13. e4 Nb6 14. e5 Be7
15. b4 Nd5 16. Qb3 Bg5 17. Be4 Nce7 18. h4 Bf4 19. Bxf4 Nxf4 20. Bxb7 Rb8 21.
Be4 Ned5 22. g3 Ne2+ 23. Kf1 Nec3 24. Bxd5 Nxd5 25. Qd3 Rb6 26. Rac1 f5 27. Qd2
f4 28. g4 Qe7 29. Ke2 Qf7 30. Rg1 g6 31. h5 g5 32. Qd3 Kg7 33. Rc5 Kg8 34. Rgc1
Rfb8 35. Nd2 Kh8 36. Nc4 R6b7 37. Na5 Rb6 38. Rc6 Kg8 39. R1c5 Rxc6 40. Nxc6
Ra8 41. f3 Qh7 42. Qxh7+ Kxh7 43. Kd3 Kg7 44. Ra5 Kf8 45. Rxa7 Rxa7 46. Nxa7
Ke8 47. Nb5 Kd7 48. Nc3 Ne7 49. Ne4 Ke8 50. Nf6+ Kf7 51. b5 Nc8 52. d5 exd5 53.
Nxd5 Ke6 54. Kd4 Na7 55. Nxc7+ Kd7 56. b6 Nc6+ 57. Ke4 Ne7 58. a4 Kc6 59. a5
Kb7 60. e6 1-0

[Event "12. Lichtenberger Sommer"]
[Site "Berlin"]
[Date "2013.08.19"]
[Round "3.96"]
[White "Boeck, Rüdiger"]
[Black "Nguyen, Phuong Thuy Anh"]
[Result "1/2-1/2"]
[WhiteElo "1829"]
[BlackElo "1436"]
[PlyCount "79"]
[EventDate "2013.??.??"]
[WhiteTeam "SC Weisse Dame Ulm e.V."]
[BlackTeam "Schachunion Berlin e.V."]

1. e4 e5 2. Nf3 Nc6 3. Bc4 Bc5 4. O-O Nf6 5. d3 O-O 6. Bg5 h6 7. Bh4 Be7 8. Nc3
d6 9. h3 Na5 10. Bb5 a6 11. Ba4 b5 12. Bb3 Nxb3 13. axb3 Bb7 14. Ne2 c5 15. Ng3
g5 16. Nxg5 hxg5 17. Bxg5 Re8 18. f4 Nh7 19. Bh6 Bf8 20. Qg4+ Kh8 21. Bxf8 Rxf8
22. fxe5 dxe5 23. h4 Rg8 24. Qf3 Qxh4 25. Nf5 Qg4 26. Qxg4 Rxg4 27. Nd6 Ng5 28.
Nxb7 Nh3+ 29. Kh2 Nf4 30. Nd6 Rxg2+ 31. Kh1 Rag8 32. Nxf7+ Kh7 33. Rxa6 R8g3
34. Rh6+ Kg7 35. Nxe5 Kxh6 36. Rxf4 Kg5 37. Rf5+ Kh4 38. Nf3+ Kg4 39. Nh2+ Kh4
40. Nf3+ 1/2-1/2

[Event "12. Lichtenberger Sommer"]
[Site "Berlin"]
[Date "2013.08.19"]
[Round "3.97"]
[White "Winkler, Johannes"]
[Black "Körner, Helmut"]
[Result "0-1"]
[WhiteElo "1560"]
[BlackElo "1910"]
[PlyCount "104"]
[EventDate "2013.??.??"]
[WhiteTeam "Sfrd. Berlin 1903 e.V."]
[BlackTeam "Sfr.Nord-Ost Berlin"]

1. e4 d5 2. exd5 Nf6 3. Nf3 Nxd5 4. d4 Bg4 5. Be2 Nc6 6. c4 Nb6 7. Nc3 Bxf3 8.
Bxf3 Nxc4 9. d5 N6e5 10. Qa4+ Qd7 11. Qxd7+ Kxd7 12. Be4 Nd6 13. Bc2 g6 14. O-O
Bg7 15. f4 Nec4 16. Rf3 b5 17. Rb1 Rad8 18. b3 Nb6 19. Bb2 b4 20. Na4 Bxb2 21.
Nc5+ Ke8 22. Rxb2 Nxd5 23. Bd3 e6 24. Rc2 Rb8 25. g4 a5 26. h4 Nc3 27. h5 Ndb5
28. hxg6 hxg6 29. Rh2 Ke7 30. f5 gxf5 31. gxf5 Rhg8+ 32. Kf1 Nd4 33. Re3 Rg5
34. f6+ Kxf6 35. Nd7+ Ke7 36. Nxb8 Nf5 37. Bxf5 Rxf5+ 38. Ke1 Kd6 39. Rf2 Rb5
40. Na6 Rb6 41. Rd3+ Nd5 42. Nxc7 Kxc7 43. Rdf3 f5 44. Rc2+ Kd6 45. Ke2 Rb8 46.
Kd3 Nf6 47. Rc4 Ne4 48. Rf1 Ke5 49. Ke3 Rh8 50. a3 Rh3+ 51. Rf3 Rxf3+ 52. Kxf3
Nd2+ 0-1

[Event "12. Lichtenberger Sommer"]
[Site "Berlin"]
[Date "2013.08.19"]
[Round "3.98"]
[White "Paris, Gerhard"]
[Black "Napoli, Ferdinando"]
[Result "0-1"]
[WhiteElo "1587"]
[BlackElo "1732"]
[PlyCount "96"]
[EventDate "2013.??.??"]
[WhiteTeam "TSG Oberschöneweide e.V."]
[BlackTeam "C.S. Scacco Matto Como"]

1. e4 c5 2. Nc3 a6 3. g3 Nc6 4. Bg2 Nf6 5. Nf3 d6 6. d3 g6 7. O-O Bg7 8. Be3
O-O 9. Qd2 e6 10. Bh6 Rb8 11. Bxg7 Kxg7 12. Ne2 b5 13. c3 Bb7 14. a3 Qc7 15.
Nf4 e5 16. Ne2 Na5 17. Qc2 c4 18. Ne1 Rfd8 19. d4 Qb6 20. d5 Nb3 21. Rd1 Nc5
22. Kh1 Bc8 23. f4 Ng4 24. Rf3 Nb3 25. Nc1 Ne3 26. Qe2 Nxd1 27. Qxd1 Bg4 28.
Nxb3 cxb3 29. f5 f6 30. h4 gxf5 31. Qe2 Rg8 32. Qf1 Bxf3 33. Qxf3 Qb7 34. Qxf5
Qc8 35. Qf1 Qg4 36. Kh2 Rbf8 37. Bh3 Qh5 38. Ng2 Kh8 39. g4 Rxg4 40. Bxg4 Qxg4
41. Qe1 Qf3 42. Qe3 Qg4 43. Qe1 Rg8 44. Qf2 Rg6 45. Ne3 Qxe4 46. Nf5 Rg4 47.
Kh3 Rf4 48. Nxd6 Rf3+ 0-1

[Event "12. Lichtenberger Sommer"]
[Site "Berlin"]
[Date "2013.08.19"]
[Round "3.99"]
[White "Jansen, Robert"]
[Black "Schmidek, Johann"]
[Result "1/2-1/2"]
[WhiteElo "1771"]
[BlackElo "1424"]
[PlyCount "40"]
[EventDate "2013.??.??"]
[WhiteTeam "SC Kreuzberg e.V."]
[BlackTeam "vereinslos"]

1. d4 Nf6 2. c4 g6 3. Nc3 Bg7 4. e4 d6 5. Bd3 O-O 6. Nge2 Nbd7 7. O-O e5 8. d5
Ne8 9. f4 Nc5 10. Bc2 f5 11. exf5 Bxf5 12. Ng3 Bxc2 13. Qxc2 Qh4 14. Nce2 e4
15. Nxe4 Nxe4 16. Qxe4 Nf6 17. Qf3 Rae8 18. Bd2 Ne4 19. Be1 Qe7 20. Nc3 Bd4+
1/2-1/2

[Event "12. Lichtenberger Sommer"]
[Site "Berlin"]
[Date "2013.08.19"]
[Round "3.100"]
[White "Laurin, Dirk"]
[Black "Schrodt, Horst"]
[Result "1-0"]
[WhiteElo "1647"]
[BlackElo "1753"]
[PlyCount "57"]
[EventDate "2013.??.??"]
[WhiteTeam "SG Narva Berlin e.V."]
[BlackTeam "SC Eintracht Berlin e.V."]

1. e4 c6 2. Nf3 d5 3. exd5 cxd5 4. d4 Nf6 5. Be2 Nc6 6. O-O Bf5 7. Nbd2 e6 8.
c3 Be7 9. Nh4 Bg6 10. f4 Rc8 11. f5 exf5 12. Nxf5 Bxf5 13. Rxf5 g6 14. Rf1 O-O
15. Bf3 b5 16. b4 Nb8 17. Bb2 Nbd7 18. a4 bxa4 19. Rxa4 Qb6 20. Kh1 Rfe8 21.
Qb3 Qb7 22. c4 Ne4 23. Nxe4 dxe4 24. Be2 Qb8 25. c5 Nf6 26. Bc4 Rf8 27. d5 Ng4
28. d6 Bg5 29. c6 1-0

[Event "12. Lichtenberger Sommer"]
[Site "Berlin"]
[Date "2013.08.19"]
[Round "3.101"]
[White "Casny, Guenter"]
[Black "Lehmann, Tornalf"]
[Result "1-0"]
[WhiteElo "1835"]
[BlackElo "1680"]
[PlyCount "85"]
[EventDate "2013.??.??"]
[WhiteTeam "SC Rochade e.V."]
[BlackTeam "SC Heilsbronn 1951 e.V."]

1. e4 Nf6 2. Nc3 e5 3. g3 d5 4. exd5 Nxd5 5. Bg2 Nxc3 6. bxc3 Bd6 7. Ne2 O-O 8.
O-O Nd7 9. Rb1 Rb8 10. d4 b6 11. f4 exf4 12. Bxf4 Nf6 13. Bg5 Be7 14. Qd3 h6
15. Bxf6 Bxf6 16. Rf2 Bb7 17. Bxb7 Rxb7 18. Nf4 c6 19. Rbf1 Rd7 20. Qc4 Rd6 21.
Nh5 b5 22. Qb3 Re8 23. Nxf6+ gxf6 24. Qa3 a5 25. Qc1 Kg7 26. Qf4 Qe7 27. Qg4+
Kh7 28. Kg2 a4 29. Qf5+ Kg7 30. Rf4 Rh8 31. Rg4+ Kf8 32. Re4 Qd8 33. Rfe1 Kg7
34. Rg4+ Kf8 35. Qc5 Rg8 36. Rge4 Kg7 37. Re7 Kg6 38. R1e4 Rd7 39. Rg4+ Kh7 40.
Qf5+ Kh8 41. Qxf6+ Kh7 42. Qxf7+ Kh8 43. Qh7# 1-0

[Event "12. Lichtenberger Sommer"]
[Site "Berlin"]
[Date "2013.08.19"]
[Round "3.102"]
[White "Toth, Hans-Jürgen"]
[Black "Schönemann, Manfred"]
[Result "0-1"]
[WhiteElo "1641"]
[BlackElo "1783"]
[PlyCount "124"]
[EventDate "2013.??.??"]
[WhiteTeam "Schachfreunde Zehdenick 76 e.V."]
[BlackTeam "SV Turbine Berlin e.V."]

1. f4 d5 2. Nf3 Nf6 3. e3 c5 4. b3 e6 5. Bb2 Be7 6. Bb5+ Bd7 7. a4 O-O 8. O-O
a6 9. Bd3 Nc6 10. c3 Rc8 11. Qc2 h6 12. Na3 Na5 13. c4 Qb6 14. Rab1 Qc7 15. Bc3
Nc6 16. Ne5 Nb4 17. Qb2 Nxd3 18. Nxd3 Rfd8 19. Be5 Qc6 20. Rf3 Ne8 21. Rg3 f6
22. Bc3 Rb8 23. Rf1 Qd6 24. Rff3 dxc4 25. Nf2 cxb3 26. Ng4 Kh7 27. Nc4 Qd3 28.
Nce5 Qc2 29. Nf7 Qxb2 30. Bxb2 Rdc8 31. Rh3 e5 32. f5 e4 33. Rfg3 Bxf5 34.
Nfxh6 Bxg4 35. Nxg4+ Kg8 36. Nh6+ Kf8 37. Nf5 Kf7 38. Rh7 Bf8 39. Rg4 Ke6 40.
Ng3 f5 41. Rg5 Rd8 42. Nf1 b5 43. a5 b4 44. Rg6+ Nf6 45. Kf2 c4 46. Ke2 Rbc8
47. Bd4 c3 48. Kd1 b2 49. Ng3 b1=Q+ 50. Ke2 Qd3+ 51. Kf2 Qxd2+ 52. Ne2 c2 53.
g4 Rxd4 54. exd4 Kf7 55. gxf5 Nxh7 56. Re6 c1=Q 57. Rxe4 Qce1+ 58. Kf3 Ng5+ 59.
Kg4 Nxe4 60. Ng3 Qg5+ 61. Kh3 Nxg3 62. f6 Qf1# 0-1

[Event "12. Lichtenberger Sommer"]
[Site "Berlin"]
[Date "2013.08.19"]
[Round "3.103"]
[White "Weishäutel, Moritz"]
[Black "Stemmler, Frank"]
[Result "1-0"]
[WhiteElo "1680"]
[BlackElo "1377"]
[PlyCount "51"]
[EventDate "2013.??.??"]
[WhiteTeam "SV Empor Erfurt"]
[BlackTeam "SG Eckturm"]

1. e4 e5 2. Nf3 Nc6 3. Bc4 Bc5 4. c3 d6 5. d4 exd4 6. cxd4 Bb4+ 7. Bd2 Bg4 8.
Bxb4 Nxb4 9. Qa4+ Nc6 10. d5 a6 11. dxc6 b5 12. Bxf7+ Kxf7 13. Qb3+ Kf8 14.
Nbd2 Qf6 15. O-O Ne7 16. Rfe1 Be6 17. Qd3 Qg6 18. Qc3 h6 19. e5 Nd5 20. Qd4
dxe5 21. Rxe5 Rd8 22. Rae1 Bf7 23. Re7 Kg8 24. Ne5 Qxg2+ 25. Kxg2 Nf4+ 26. Qxf4
1-0

[Event "12. Lichtenberger Sommer"]
[Site "Berlin"]
[Date "2013.08.19"]
[Round "3.104"]
[White "Rose, Luis Stratos"]
[Black "Weiß, Daniel"]
[Result "0-1"]
[WhiteElo "1410"]
[BlackElo "1758"]
[PlyCount "80"]
[EventDate "2013.??.??"]
[WhiteTeam "SC Kreuzberg e.V."]
[BlackTeam "Sfr.Nord-Ost Berlin"]

1. d4 Nf6 2. c4 g6 3. Nc3 Bg7 4. e4 d6 5. Nf3 O-O 6. Be2 e5 7. O-O Nc6 8. d5
Ne7 9. Ne1 Nd7 10. Be3 f5 11. f3 f4 12. Bf2 Rf7 13. b4 b6 14. b5 Bf8 15. a4 Rg7
16. a5 g5 17. axb6 cxb6 18. Na2 Nf6 19. Nb4 h5 20. Nc6 Nxc6 21. dxc6 Be6 22. c5
bxc5 23. Bxc5 dxc5 24. Qxd8 Rxd8 25. Rxa7 c4 26. Rxg7+ Kxg7 27. Nc2 Bc5+ 28.
Kh1 Ne8 29. Rb1 Rb8 30. Na3 Bxa3 31. b6 c3 32. Bd3 Bb2 33. b7 Nc7 34. Bc2 Bc4
35. Rd1 Be6 36. Rd6 Kf7 37. Rd1 Ba3 38. Rd3 Bb4 39. Ba4 Bd5 40. Rd1 Be6 0-1

[Event "12. Lichtenberger Sommer"]
[Site "Berlin"]
[Date "2013.08.19"]
[Round "3.105"]
[White "Dittrich, Hans-Georg"]
[Black "Baumgaertner, Andre"]
[Result "1-0"]
[WhiteElo "1751"]
[BlackElo "1348"]
[PlyCount "55"]
[EventDate "2013.??.??"]
[WhiteTeam "SG Blau-Weiß Stadtilm"]
[BlackTeam "SC Friesen Lichtenberg e.V."]

1. e4 e5 2. Nf3 Nc6 3. Bc4 Bc5 4. c3 d6 5. d3 h6 6. Bb3 Bg4 7. h3 Bxf3 8. Qxf3
Qf6 9. Qe2 Nge7 10. Nd2 O-O 11. Nf1 Qg6 12. Ne3 Kh8 13. g4 f6 14. Bd2 Qe8 15.
Nf5 Kh7 16. O-O-O g5 17. h4 Nxf5 18. gxf5 Kg7 19. hxg5 hxg5 20. Qf3 Ne7 21. Rh2
Rh8 22. Rxh8 Qxh8 23. Rh1 Qe8 24. Bxg5 d5 25. Bh6+ Kf7 26. Qh5+ Kg8 27. Rg1+
Kh7 28. Qh3 1-0

[Event "12. Lichtenberger Sommer"]
[Site "Berlin"]
[Date "2013.08.19"]
[Round "3.106"]
[White "Dittrich, Hans-Jürgen"]
[Black "Kujawa, Werner"]
[Result "0-1"]
[WhiteElo "1380"]
[BlackElo "1814"]
[PlyCount "50"]
[EventDate "2013.??.??"]
[WhiteTeam "vereinslos"]
[BlackTeam "SV Motor Wildau e.V."]

1. c4 Nf6 2. g3 c5 3. Bg2 g6 4. e4 d6 5. Nc3 Nc6 6. Nge2 Bg7 7. O-O O-O 8. d3
a6 9. a3 Rb8 10. Rb1 b5 11. cxb5 axb5 12. b3 b4 13. Nd5 bxa3 14. Nxf6+ Bxf6 15.
Bxa3 Qa5 16. Bb2 Bxb2 17. Rxb2 Qa3 18. Qd2 Rxb3 19. Rxb3 Qxb3 20. Qc3 Be6 21.
Qxb3 Bxb3 22. f4 Bc2 23. Nc1 Nb4 24. Rf3 Ra8 25. Bf1 Ra1 0-1

[Event "12. Lichtenberger Sommer"]
[Site "Berlin"]
[Date "2013.08.19"]
[Round "3.107"]
[White "Jiranek, Benno"]
[Black "Koerber, Bernhard"]
[Result "1-0"]
[WhiteElo "1480"]
[BlackElo "1611"]
[PlyCount "105"]
[EventDate "2013.??.??"]
[WhiteTeam "SC Kreuzberg e.V."]
[BlackTeam "SG Lasker Steglitz-Wilmersdorf"]

1. d4 Nf6 2. c4 g6 3. Nc3 d5 4. Nf3 Bg7 5. Bf4 c6 6. cxd5 Nxd5 7. Nxd5 Qxd5 8.
e3 Nd7 9. Qb3 Qa5+ 10. Qc3 Qd8 11. Qb3 O-O 12. Be2 Qa5+ 13. Qc3 Qxc3+ 14. bxc3
c5 15. O-O cxd4 16. cxd4 Nb6 17. Rac1 e6 18. Rc2 Bd7 19. Rfc1 Bc6 20. Ne5 Bd5
21. Bf3 Bxe5 22. Bxe5 Bxf3 23. gxf3 Rfc8 24. Rc7 Rxc7 25. Rxc7 Kf8 26. e4 Ke8
27. Kg2 Nd7 28. Rxb7 Nxe5 29. dxe5 h5 30. h4 Kf8 31. f4 Kg7 32. Rb3 a5 33. Rg3
a4 34. f5 Ra5 35. f4 Rc5 36. fxg6 fxg6 37. Ra3 Rc4 38. Kf3 Kf7 39. Ke3 Ke7 40.
Kd3 Rb4 41. Rc3 Kd7 42. Rc4 Rb1 43. Rxa4 Rd1+ 44. Ke3 Rh1 45. Ra7+ Ke8 46. a4
Rxh4 47. a5 Rh3+ 48. Kd4 Ra3 49. a6 h4 50. Ra8+ Kf7 51. a7 h3 52. Rh8 Rxa7 53.
Rh7+ 1-0